¿Psicoanálisis al maestro? (Record no. 79578)

MARC details
000 -CABECERA
campo de control de longitud fija 00489nam a2200193 a 4500
005 - FECHA Y HORA DE LA ÚLTIMA TRANSACCIÓN
campo de control 20210219153537.0
008 - ELEMENTOS DE LONGITUD FIJA--INFORMACIÓN GENERAL
campo de control de longitud fija 991125n 000 0 u
035 ## - NÚMERO DE CONTROL DEL SISTEMA
Número de control de sistema UPN01000105639
100 ## - ASIENTO PRINCIPAL--NOMBRE PERSONAL
Nombre de persona BORGUELO, Cesar
222 ## - TÍTULO CLAVE
Título clave COMUNICACIÓN EDUCATIVA
245 ## - MENCIÓN DE TÍTULO
Título ¿Psicoanálisis al maestro?
300 ## - DESCRIPCIÓN FÍSICA
Extensión 8
362 ## - FECHAS DE PUBLICACIÓN Y/O DESIGNACIÓN SECUENCIAL
Fecha de publicación y/o designación secuencial 1982 Año 3, no. 21 (jul.)
653 0# - TERMINO DE INDIZACION - NO CONTROLADO
Término no controlado MAESTROS
653 0# - TERMINO DE INDIZACION - NO CONTROLADO
Término no controlado PSICOANALISIS
653 0# - TERMINO DE INDIZACION - NO CONTROLADO
Término no controlado PSICOLOGIA INFANTIL
904 ## - ELEMENTOS DE DATOS D LOCAL, LDD (RLIN)
a AC
b 043450
905 ## - TIPO DE MATERIAL
Tipo de material Articulo

No items available.